Statistics for Most Popular Social Medias

Click here to take the quiz!

General Stats

  • This quiz has been taken 58 times
  • The average score is 5 of 11

Answer Stats

Monthly UsersAnswer% Correct
2,006,000Facebook
94%
700,000Instagram
92%
328,000Twitter
85%
170,000Snapchat
67%
1,300,000WhatsApp
50%
1,200,000Messenger
31%
175,000Pinterest
31%
938,000WeChat
12%
632,000Qzone
4%
340,000Weibo
2%
95,000Vkontakte
0%

Score Distribution

Percentile by Number Answered

Percent of People with Each Score

Your Score History

You have not taken this quiz